| 000 | 00356nam a2200133 a 4500 | ||
|---|---|---|---|
| 005 | 20140412111424.0 | ||
| 008 | 080201s19uu xx 00 eng d | ||
| 020 | _a0-590-10734-8 | ||
| 050 |
_aTR(PS E _bMo74 1996 |
||
| 100 | _aSchlein, Miriam | ||
| 245 |
_aMore than one / _cMirriam Schlein. |
||
| 260 |
_aNew York : _bScholastic, _c1996. |
||
| 999 |
_c106182 _d106182 |
||